Кров людська — не водиця (Запис № 327194)

МАРК-запис
000 -LEADER
fixed length control field 00734nam a22002417a 4500
001 - CONTROL NUMBER
control field 41046
003 - CONTROL NUMBER IDENTIFIER
control field UA-OsUOA
005 - DATE AND TIME OF LATEST TRANSACTION
control field 20230621122043.0
007 - PHYSICAL DESCRIPTION FIXED FIELD--GENERAL INFORMATION
fixed length control field ta
008 - FIXED-LENGTH DATA ELEMENTS--GENERAL INFORMATION
fixed length control field 20060913b un ||||| |||| 00| 0 ukr d
040 ## - CATALOGING SOURCE
Original cataloging agency UA-OsUOA
Language of cataloging ukr
Transcribing agency UA-OsUOA
Modifying agency UA-OsUOA
041 ## - LANGUAGE CODE
Language code of text/sound track or separate title ukr
080 ## - UNIVERSAL DECIMAL CLASSIFICATION NUMBER
Universal Decimal Classification number 821.161.2
090 ## - LOCALLY ASSIGNED LC-TYPE CALL NUMBER (OCLC); LOCAL CALL NUMBER (OCLC)
Classification number (OCLC) (R) ; Classification number, CALL (RLIN) (NR) 821.161.2
Local cutter number (OCLC) ; Book number/undivided call number, CALL (RLIN) С79
100 ## - MAIN ENTRY--PERSONAL NAME
Personal name Стельмах М.
245 ## - TITLE STATEMENT
Title Кров людська — не водиця
Remainder of title роман
Statement of responsibility, etc Михайло Стельмах
260 ## - PUBLICATION, DISTRIBUTION, ETC. (IMPRINT)
Place of publication, distribution, etc К.
Name of publisher, distributor, etc Дніпро
Date of publication, distribution, etc 1967
300 ## - PHYSICAL DESCRIPTION
Extent 266 с.
650 #7 - SUBJECT ADDED ENTRY--TOPICAL TERM
Topical term or geographic name as entry element 82 Література. Літературознавство
Source of heading or term UDC
942 ## - ADDED ENTRY ELEMENTS (KOHA)
Koha item type Книги
Source of classification or shelving scheme Universal Decimal Classification
955 ## - COPY-LEVEL INFORMATION (RLIN)
Classification number, CCAL (RLIN) Навчальні видання
Фонди
Withdrawn status Lost status Source of classification or shelving scheme Damaged status Not for loan Home library Current library Date acquired Inventory number Total Checkouts Full call number Barcode Date last seen Price effective from Koha item type Source of acquisition Cost, normal purchase price
    Universal Decimal Classification     АБ - Абонемент НБ АБ - Абонемент НБ 28/11/2012 43105   821.161.2 С79 43105 13/04/2022 13/09/2006 Книги    
    Universal Decimal Classification     АБ - Абонемент НБ АБ - Абонемент НБ 13/09/2006 98364   821.161.2 С79 98364 06/04/2022 13/09/2006 Книги 90/2006 7.00
    Universal Decimal Classification     Наукова бібліотека ІДУД Наукова бібліотека ІДУД 08/11/2010 2131606   82-31 С79 2131606 14/09/2019 08/11/2010 Книги 237/2010 1.00